000 00875nam a22002777a 4500
003 UA-OsUOA
001 24973
007 ta
008 20040305b un ||||| |||| 00| 0 ukr d
100 _aИщенко Е.П.
700 _aИщенко П.П.
700 _aЗотчев В.А.
090 _a343.982.5
_bИ98
942 _cBK
040 _aUA-OsUOA
_brus
_cUA-OsUOA
_dUA-OsUOA
245 _aКриминалистическая фотография и видеозапись
_bУчеб. - практ. пособие
_cЕ.П. Ищенко, П.П. Ищенко, В.А. Зотчев; Под ред. Е.П. ИщенкоПод ред. Е.П.Ищенко
300 _a438 с.
955 _a0
041 _arus
080 _a343.982.5
020 _a5-7975-0202-Х
260 _aМосква
_bЮристъ
_c1999
044 _aRU
650 7 _2UDC
999 _c311259
_d311259